Smashing Pumpkins Albums by Cover Picture - Statistics

General Stats
  • This quiz has been taken 68 times
    20 since last reset
  • The average score is 9 of 15
Answer Stats
Picture Answer % Correct
Mellon Collie and the Infinite Sadness
100%
Siamese Dream
100%
Gish
94%
Adore
89%
Machina
83%
Atum
78%
Oceania
67%
Pisces Iscariot
56%
Cyr
44%
Zeitgeist
44%
Aghori Mori Mei
39%
Machina II
39%
Monuments to an Elegy
33%
Shiny and Oh So Bright
33%
The Aeroplane Flies High
33%
No matching quizzes found
Score Distribution
Percent of People with Each Score
Percentile by Number Answered
Your Score History
You have not taken this quiz since the last reset